10 państw Azji z najwyższym HDI - Statystyki

Ogólne statystyki
  • Ten quiz został rozwiązany 3 322 razy
  • Średni wynik to 7 z 10
Statystyki odpowiedzi
HDI Państwo % Poprawnych
0,925 Japonia
98%
0,925 Korea Południowa
92%
0,939 Singapur
86%
0,911 Zjednoczone Emiraty Arabskie
80%
0,855 Katar
78%
0,875 Arabia Saudyjska
76%
0,916 Tajwan
73%
0,875 Bahrajn
65%
0,919 Izrael
64%
0,896 Cypr
36%
Nie znaleziono quizów pasujących do podanych kryteriów
Rozkład punktacji
Procent ludzi z każdym wynikiem
Percentyl według liczby udzielonych odpowiedzi
Twoja historia wyników
Nie rozwiązałeś tego quizu